| 000 | 00690nam a2200253Ia 4500 | ||
|---|---|---|---|
| 003 | OSt | ||
| 005 | 20221005085225.0 | ||
| 006 | a|||||r|||| 00| 0 | ||
| 007 | ta | ||
| 008 | 221004b |||||||| |||| 00| 0 eng d | ||
| 024 | _a27346 | ||
| 037 | _cTextual | ||
| 040 |
_aCRL _cCRL _beng |
||
| 041 |
_2eng _aeng |
||
| 082 | _aA:f, L8 | ||
| 100 |
_aGoldstein Martin _9614038 |
||
| 245 | 0 |
_aHow we know _b An exploration of the scientific process |
|
| 260 |
_aNew York _bDa Capo _c1978 |
||
| 300 |
_a357p _ccm. |
||
| 650 | _aSCIENCE | ||
| 700 |
_a Goldstein Inge F _9614039 |
||
| 942 |
_hA:f, L8 _cTEXL _2cc |
||
| 999 |
_c993891 _d993891 |
||